Practical fermentation technology /
| Main Author: | |
|---|---|
| Corporate Author: | |
| Other Authors: | |
| Format: | eBook |
| Language: | English |
| Published: |
Chichester, England ; Hoboken, NJ :
Wiley,
[2008]
|
| Subjects: | |
| Online Access: | Connect to the full text of this electronic book Publisher description Table of contents only |
MARC
| Tag | First Indicator | Second Indicator | Subfields |
|---|---|---|---|
| LEADER | 00000cam a2200000Ia 4500 | ||
| 001 | in00002515607 | ||
| 005 | 20210727085931.0 | ||
| 006 | m d | ||
| 007 | cr cn||||||||| | ||
| 008 | 080327s2008 enkae sb 001 0 eng d | ||
| 020 | |a 0470725303 | ||
| 020 | |a 9780470725306 | ||
| 035 | |a (OCoLC)214281933 | ||
| 035 | |a (OCoLC)ocn214281933 | ||
| 035 | |a 3494982 | ||
| 037 | |a 10.1002/9780470725306 |b Wiley InterScience |n http://www3.interscience.wiley.com | ||
| 040 | |a DG1 |c DG1 |d UtOrBLW | ||
| 049 | |a TEFA | ||
| 050 | 1 | 4 | |a TP156.F4 |b M36 2008eb |
| 082 | 0 | 4 | |a 660/.28449 |2 22 |
| 100 | 1 | |a McNeil, B. |0 http://id.loc.gov/authorities/names/n88179321 | |
| 245 | 1 | 0 | |a Practical fermentation technology / |c Brian McNeil & Linda M. Harvey. |
| 264 | 1 | |a Chichester, England ; |a Hoboken, NJ : |b Wiley, |c [2008] | |
| 264 | 4 | |c ©2008 | |
| 300 | |a xiv, 388 pages : |b illustrations, plans ; |c 26 cm. | ||
| 336 | |a text |b txt |2 rdacontent | ||
| 337 | |a computer |b c |2 rdamedia | ||
| 338 | |a online resource |b cr |2 rdacarrier | ||
| 500 | |a Electronic resource. | ||
| 504 | |a Includes bibliographical references and index. | ||
| 505 | 0 | |a Fermentation -- Fermentation equipment selection -- Equipping a research scale fermentation laboratory for production of membrane proteins -- Modes of fermenter operation -- The design and preparation of media for bioprocesses -- Preservation of cultures for fermentation processes -- Modelling the kinetics of biological activity in fermentation systems -- Scale up and scale down of fermentation processes -- On-line, in-situ measurements within fermenters -- Scada systems for bioreactors -- Using basic statistical analyses in fermentation -- The fermenter in research and development. | |
| 533 | |a Electronic reproduction. |b Hoboken, N.J. : |c Wiley InterScience, |d 2008. |n Mode of access: World Wide Web. |n System requirements: Web browser. |n Title from title screen (viewed on Mar. 27, 2008). |n Access may be restricted to users at subscribing institutions. | ||
| 650 | 0 | |a Fermentation. |0 http://id.loc.gov/authorities/subjects/sh85047829 | |
| 655 | 7 | |a Electronic books. |2 local | |
| 700 | 1 | |a Harvey, L. M. |0 http://id.loc.gov/authorities/names/n88179322 | |
| 710 | 2 | |a Wiley InterScience (Online service) |0 http://id.loc.gov/authorities/names/no00037213 | |
| 776 | 1 | |c Original |z 9780470014349 |z 0470014342 |z 9780470014356 |z 0470014350 |w (DLC) 2007041702 |w (OCoLC)154798375 | |
| 856 | 4 | 0 | |u http://proxy.library.tamu.edu/login?url=https://dx.doi.org/10.1002/9780470725306 |z Connect to the full text of this electronic book |t 0 |
| 856 | 4 | 2 | |3 Publisher description |u http://www.loc.gov/catdir/enhancements/fy0801/2007041702-d.html |t 0 |
| 856 | 4 | 2 | |3 Table of contents only |u http://www.loc.gov/catdir/enhancements/fy0801/2007041702-t.html |t 0 |
| 994 | |a C0 |b TEF | ||
| 999 | |a MARS | ||
| 999 | f | f | |s 3b16a064-8701-3955-9327-cd52fc7c4eab |i c37a5e74-32a0-3284-aef0-642b09cb20dc |t 0 |
| 952 | f | f | |a Texas A&M University |b College Station |c Electronic Resources |d Available Online |t 0 |e TP156.F4 M36 2008eb |h Library of Congress classification |
| 998 | f | f | |a TP156.F4 M36 2008eb |t 0 |l Available Online |